000 00470nam a22001697a 4500
999 _c160055
_d160055
005 20190114130739.0
010 _aB-160718
020 _a8126019573
_c75.00
035 _aB-160718
037 _bSahitya Akademi
082 _aS
100 _aSandhu, Waryam Singh
245 _aThe fourth direction and other stories /
_cWaryam Singh Sandhu
260 _aNew Delhi
_bSahitya Akademi
_c2005
300 _a156p.(it include index)
_c22cm(pbk)
942 _2ddc
_cEN
_hS
_mSAN